| Tag |
First Indicator |
Second Indicator |
Subfields |
| LEADER |
00000cam a2200000 i 4500 |
| 001 |
in00000030202 |
| 005 |
20230620184958.7 |
| 008 |
800306r19861978sz 000 0 fre d |
| 020 |
|
|
|a 2010059409
|
| 035 |
|
|
|a (OCoLC)06059341
|
| 035 |
|
|
|9 AAC0353AM
|
| 040 |
|
|
|a CRU
|c CRU
|d m.c.
|d TXA
|d UtOrBLW
|
| 043 |
|
|
|a e-fr---
|
| 049 |
|
|
|a TXAM
|c [A11693211]
|
| 050 |
|
4 |
|a DC33.4
|b .L4 1986
|
| 100 |
1 |
|
|a Levron, Jacques,
|d 1906-2004.
|
| 245 |
1 |
3 |
|a La vie quotidienne à la cour de Versailles aux XVIIe et XVIIIe siècles /
|c Jacques Levron.
|
| 264 |
|
1 |
|a Geneve :
|b Famot,
|c 1978.
|
| 300 |
|
|
|a 353 pages ;
|c 20 cm.
|
| 336 |
|
|
|a text
|b txt
|2 rdacontent
|
| 337 |
|
|
|a unmediated
|b n
|2 rdamedia
|
| 338 |
|
|
|a volume
|b nc
|2 rdacarrier
|
| 490 |
0 |
|
|a La vie quotidienne
|
| 490 |
0 |
|
|a Hachette littérature
|
| 504 |
|
|
|a Bibliography: pages 348-350.
|
| 500 |
|
|
|a First published in 1965 by Hachette, Paris.
|
| 651 |
|
0 |
|a France
|x Court and courtiers.
|
| 651 |
|
0 |
|a Versailles (France)
|x History.
|
| 999 |
|
|
|a MARS
|
| 999 |
f |
f |
|s 8f1ffaeb-d2d0-33ce-a3f1-ec8db2ec5a32
|i 891a6c96-d8f6-3a7a-b248-9e54cb0789e0
|t 0
|
| 952 |
f |
f |
|p ric
|a Texas A&M University
|b Rellis Campus
|c Joint Library Facility
|d Remote Storage
|t 0
|e DC33.4 .L4 1986
|h Library of Congress classification
|i unmediated -- volume
|m A14811693211
|
| 998 |
f |
f |
|a DC33.4 .L4 1986
|t 0
|l Remote Storage
|